000 00298nam a22001217a 4500
008 160430b xxu||||| |||| 00| 0 eng d
020 _a13978538496728
020 _a1005849672
041 _aeng
080 _a612.39
245 _aNutrition conceptas controversies;
_cSizer Whitney;
942 _2udc
_cBK
999 _c1701
_d1701